00429nam a2200169Ia 450000500170000000800410001702000260005804000190008404100120010308200110011510000190012624500370014526000350018230000090021765000230022685000100024920231031085844.0140110s9999 xx 000 0 und d a9780007268344cRs 395 aLoreto College aEnglish aFbSHI aShields, Carol 4aThe stone diariescCarol Shields aLondonbHarper Perennialc2008 a361p aFiction in English aLCLIB